000 00865nam a2200253Ia 4500
003 OSt
005 20220923214058.0
006 a|||||r|||| 00| 0
007 ta
008 220922b |||||||| |||| 00| 0 hin d
024 _a166,900
037 _cTextual
040 _aARTS
_cARTS
_bhin
041 _2hin
_ahin
082 _aO152,1J55,1:g, L3
100 _aतिवारी, राम विनोद
245 0 _aरामचन्द्रिका में नाटकीय तत्व
246 _aRāmachandrikā mean nāṭakīya tatva
260 _aलखनऊ
_b माया प्रकाशन
_c1973
300 _a163 पृ.
_ccm.
650 _aहिन्दी साहित्य
_9156264
942 _hO152,1J55,1:g, L3
_cTEXL
_2CC
999 _c321379
_d321379